000 00570nam a2200181 i 4500
001 37592
003 ES-MaACL
005 20251209063021.0
007 t|
008 030221s1962 sp ||||1| spa d
100 0 _aCaballero, Ezequiel
_933093
245 1 4 _aLos tratados internacionales
_b: la importancia de la nacionalidad de sus destinatarios /
_cEzequiel Caballero.
260 _aMadrid :
_bRialp,
_c1962.
300 _a231 p. ;
_c25 cm.
650 4 _aTratados internacionales.
_9136948
852 _aES-MaACL
_jA-2199
_bR.49313
999 _c37592
_d37592